| 000 | 00600nam a2200241Ia 4500 | ||
|---|---|---|---|
| 003 | OSt | ||
| 005 | 20230511161512.0 | ||
| 008 | 210423s2014 xx 000 0 und d | ||
| 020 | _a978-81-309-2516-5 | ||
| 040 | _cAL | ||
| 041 | _aeng | ||
| 082 | _a540.03 HUNC | ||
| 100 |
_aHUNT (Andrew) _9103889 |
||
| 245 | _aChemistry A to Z handbook Ed 4 | ||
| 250 | _a4 | ||
| 260 |
_aNew Delhi _bViva Books Pvt Ltd _c2014 |
||
| 300 |
_av,407 _bPB |
||
| 365 |
_b495 _cINR |
||
| 650 |
_aChemistry _9103890 |
||
| 650 |
_aChemistry _9103890 |
||
| 906 | _aChemistry ; Ed ; handbook ; Z | ||
| 942 |
_2ddc _cBK |
||
| 999 |
_c166119 _d166119 |
||